| 000 | 00404nam a22001697a 4500 | ||
|---|---|---|---|
| 005 | 20260331170023.0 | ||
| 008 | 160627b xxu||||| |||| 00| 0 eng d | ||
| 020 | _a0-340-81235-4 | ||
| 041 | _aeng | ||
| 082 | _b153.93 | ||
| 100 |
_aKourdi, Jermy _92864 |
||
| 245 | _aPractice Test for Verbal Reasoning | ||
| 260 |
_bHodder and Stoughton _c2008 |
||
| 300 | _a171 | ||
| 650 | _aManagement | ||
| 942 | _cBK | ||
| 999 |
_c4142 _d4141 |
||